Základy drobného súkromného podnikania účelový učebný text pre rekvalifikačné kurzy

Saved in:
Bibliographic Details
Main Author: Finka, Ladislav
Format: Book
Language:Slovak
Published: Bratislava Ústav ďalšieho vzdelávania riadiacich a hospodárskych pracovníkov VŠE 1992
Edition:1. vyd.
Subjects:
Tags: Add Tag
No Tags, Be the first to tag this record!

MARC

LEADER 00000nam a2200000 4500
001 c012349
005 20221128074720.3
041 0 |a slo 
044 |a SK 
245 1 0 |a Základy drobného súkromného podnikania  |b účelový učebný text pre rekvalifikačné kurzy  |c Ladislav Finka 
250 |a 1. vyd. 
264 1 |a Bratislava  |b Ústav ďalšieho vzdelávania riadiacich a hospodárskych pracovníkov VŠE  |c 1992 
300 |a 52 s.  |e 1 samostat. príl. 
610 2 0 |a podnikanie súkromné 
610 2 0 |a podnikanie drobné 
610 2 0 |a podnik malý 
610 2 0 |a stratégia podniková 
610 2 0 |a financovanie podnikov 
610 2 0 |a legislatíva 
610 2 0 |a právo pracovné 
610 2 0 |a dane 
610 2 0 |a poistenie 
610 2 0 |a kurzy 
610 2 0 |a rekvalifikácia 
100 1 |a Finka, Ladislav